000 00969cam a22003017a 4500
003 CHAP
005 20220329135215.0
008 971013s1960 r 00010 d
010 _a32609
011 _a33581
035 _a37697
040 _cCHAP
090 _aFolleto 5072 v.9
100 0 0 _aMatuda Matuda, Eizi.
_973103
245 1 4 _aLas liliáceas del Estado de México
260 _aToluca, Méx. :
_bGobierno del Estado de México,
_c1960
300 _a30 p.
_b: ilus.
590 _aBATCH-UPD
_b10
_c20130110
_lUCH01
_h2107
590 _aBATCH-UPD
_b10
_c20130410
_lUCH01
_h1419
590 _aBATCH-UPD
_b10
_c20130914
_lUCH01
_h0731
590 _aCONVERSION
_b10
_c20130109
_lUCH01
_h1318
650 1 4 _aBotánica
_xMéxico (Edo.)
_914593
650 1 4 _aLiliáceas.
_966769
901 _aBK
942 _cFOLL
949 _aFolleto 5072 v.9
_bBC
_cFOLL
_d33724000449245
_eTS2
_fc.2
_i37697
_mD
_si
949 _aFolleto 5072 v.9
_bBC
_cFOLL
_d33724000449278
_eTS1
_i37697
_mD
_si
999 _c32609
_d32609